Scientific basis of Indian agriculture: seventyfive years of service (Record no. 499676)

000 -LEADER
fixed length control field 00418cam a22001097a 4500
008 - FIXED-LENGTH DATA ELEMENTS--GENERAL INFORMATION
fixed length control field 180718b1990 xxu||||| |||| 00| 0 eng d
082 ## - DEWEY DECIMAL CLASSIFICATION NUMBER
Classification number Z7x54 In2p
245 ## - TITLE STATEMENT
Title Scientific basis of Indian agriculture: seventyfive years of service
Statement of responsibility, etc. by Indian Agricultural Research Institute, India
260 ## - PUBLICATION, DISTRIBUTION, ETC.
Place of publication, distribution, etc. Delhi
Name of publisher, distributor, etc. Indian Agricultural Research Institute
Date of publication, distribution, etc. 1990
300 ## - PHYSICAL DESCRIPTION
Extent 267+p.
700 ## - ADDED ENTRY--PERSONAL NAME
Personal name Indian Agricultural Research Institute.
Holdings
Withdrawn status Lost status Damaged status Not for loan Permanent Location Current Location Date acquired Full call number Barcode Date last seen Price effective from Koha item type
        Indian Institute of Public Administration Indian Institute of Public Administration 2018-08-04 Z7x54 In2p GG18999 2018-08-04 2018-08-04 GG

Powered by Koha